00617nam a22002177a 450000500170000001000130001702000220003003500130005203700160006504000120008108200130009310000180010624500630012426000530018727000500024030000200029050000190031065000250032965000260035470000190038020170124110020.0 aA-895383 c00.00a8170249848 aA-895383 bCen Lib/Ret aDPLbEN a658bAHM aAhmad, Khaliq aEffective management /cby Ahmad Khaliq [and] Shamim Ahmad aNew DelhibA. P. H. Publishing Corporationc1998 a5, Ansari Road, Darya GanjbNew Delhie110002 a244p.c20cm(Hb) aIncludes index aManagement framework aFunctional management aAhmad, Shamim